A clear impartial guide to fire safety (Record no. 121126)
[ view plain ]
| 000 -LEADER | |
|---|---|
| fixed length control field | 02083nam a22002417a 4500 |
| 001 - CONTROL NUMBER | |
| control field | K121126 |
| 008 - FIXED-LENGTH DATA ELEMENTS--GENERAL INFORMATION | |
| fixed length control field | 190101s2019 xxk|||||o|||| 00| 0 eng d |
| 041 ## - LANGUAGE CODE | |
| Language code of text/sound track or separate title | eng |
| 110 ## - MAIN ENTRY--CORPORATE NAME | |
| Corporate author | Royal Institution of Chartered Surveyors |
| 245 ## - TITLE STATEMENT | |
| Title | A clear impartial guide to fire safety |
| Medium | [archived] |
| 250 ## - EDITION | |
| Edition statement | 3rd |
| 260 ## - PUBLICATION INFORMATION | |
| Place of publication | United Kingdom, |
| Publisher | Royal Institution of Chartered Surveyors, |
| Date | 2019 |
| 300 ## - PHYSICAL DESCRIPTION | |
| Physical description | 21 cm ; 20p |
| 490 ## - SERIES TITLE | |
| Series statement | RICS Consumer Guide |
| 500 ## - GENERAL NOTE | |
| General note | Produced by RICS Building Surveying group in conjunction with members of the RICS Fire Safety Working Group 2019. |
| 500 ## - GENERAL NOTE | |
| General note | Replaced by 4th edition in April 2025. At the same time a version for landlords was also published. |
| 520 ## - ABSTRACT | |
| Abstract | Written with homeowners and residential tenants in mind, the guidance offers basic, comprehensible advice. RICS believes having a basic understanding of fire safety is of the utmost importance for all, and the professional body have commissioned the guide to spread awareness of good fire safety practice. Offers basic advice about fire safety in the home and has been written specifically to raise awareness amongst homeowners and residential tenants to reduce risks and manage fire safety measures. Identifies common causes of fires, forward planning including fire escape routes and what to do when fire breaks out in the home. Looks at fire detection measures such as smoke and carbon monoxide alarms, equipment to deal with fires such as fire extinguishers and fire blankets and accessibility and specific needs such as mobility, hearing and visual impairments. Notes the measures that should in placed for rented or shared accommodation including smoke alarm compliance, CO2 alarms and Gas appliance checks and electrical compliance. Concludes with a list of useful links for further information. |
| 650 ## - KEYWORDS | |
| Keywords | Fire safety |
| 651 ## - SUBJECT ADDED ENTRY--GEOGRAPHIC NAME | |
| Geographic name | United Kingdom |
| 690 ## - BROAD SUBJECT | |
| 9 (RLIN) | 6244 |
| Broad subject | Health and safety |
| 856 ## - ONLINE RESOURCE | |
| Uniform Resource Identifier | <a href="https://www.rics.org/content/dam/ricsglobal/documents/to-be-sorted/fire-safety-guide_version-3.pdf">https://www.rics.org/content/dam/ricsglobal/documents/to-be-sorted/fire-safety-guide_version-3.pdf</a> |
| Public note | View archived 3rd edition on rics.org |
| 942 ## - ADDED ENTRY ELEMENTS (KOHA) | |
| Suppress in OPAC | Do not suppress in OPAC |
| Lost status | Source of classification or shelving scheme | Damaged status | Not for loan | Home library | Current library | Shelving location | Date acquired | Total Checkouts | Full call number | Date last seen | Price effective from | Koha item type |
|---|---|---|---|---|---|---|---|---|---|---|---|---|
| Archives | London | RICS Boxes | 11/10/2019 | RICS 2019/12 | 11/10/2019 | 11/10/2019 | Book | |||||
| London | London | RICS Boxes | 11/10/2019 | RICS 2019/12 | 11/10/2019 | 11/10/2019 | Book | |||||
| Dewey Decimal Classification | Virtual | Virtual | Online | 11/10/2019 | ONLINE PUBLICATION | 20/03/2023 | 11/10/2019 | Book |